Topographie weltweit - Statistiken

Allgemein
  • Dieses Quiz wurde 126 mal gespielt
    98 seit der letzten Aktualisierung
  • Das Durchschnittsergebnis liegt bei 37 aus 138
Antwortstatistiken
Europa Antwort % Korrekt
Zweitlängster Fluss Donau
89%
Höchster Berg (außer Russland) Mont Blanc
89%
Längster Fluss Wolga
78%
Höchster Berg Mount Everest
77%
Drittgrößte Stadt | Drittgrößter Ballungsraum London
76%
Größter Ballungsraum | Zweitgrößte Stadt Moskau
76%
Viertgrößter Ballungsraum Paris
76%
Fünftgrößte Stadt Berlin
72%
Längster Fluss Nil
72%
Drittgrößte Stadt | Drittgrößter Ballungsraum Los Angeles
66%
Höchster aktiver Vulkan Ätna
64%
Größte Wüste Sahara
59%
Zweitgrößter Ballungsraum Tokio
58%
Längster Fluss Amazonas
57%
Größte Stadt | Zweitgrößter Ballungsraum Istanbul
57%
Drittgrößte Stadt | Größter Ballungsraum Kairo
53%
Höchster Berg Kilimandscharo
51%
Zweithöchster Berg K2
50%
Zweitgrößte Stadt | Zweitgrößter Ballungsraum New York
49%
Größter See Victoriasee
47%
Höchster Berg Elbrus
43%
Größte Stadt | Viertgrößter Ballungsraum Shanghai
43%
Größte Stadt | Größter Ballungsraum Mexiko Stadt
42%
Längster Fluss Mississippi/Missouri
42%
Größte Stadt | Größter Ballungsraum Sydney
42%
Drittgrößter Ballungsraum | Zweitgrößte Stadt Lagos
41%
Größte Stadt | Zweitgrößter Ballungsraum Kinshasa
39%
Drittgrößter Ballungsraum | Viertgrößte Stadt Rio de Janeiro
39%
Zweitlängster Fluss Kongo
38%
Zweitgrößte Stadt | Zweitgrößter Ballungsraum Melbourne
38%
Zweitgrößte Stadt Mumbai
38%
Fünftgrößter Ballungsraum Rhein-Ruhr
38%
Drittlängster Fluss Niger
36%
Viertgrößte Stadt St. Petersburg
36%
Zweitgrößter See Baikalsee
35%
Fünftgrößte Stadt | Viertgrößter Ballungsraum Chicago
34%
Größte Stadt | Größter Ballungsraum São Paulo
34%
Zweitgrößter Ballungsraum Buenos Aires
32%
Drittgrößte Stadt Delhi
32%
Längster Fluss Jangtsekiang
31%
Zweitlängster Fluss Huang He
30%
Viertgrößte Stadt | Viertgrößter Ballungsraum Perth
30%
Fünftgrößter Ballungsraum Auckland
28%
Größter Ballungsraum Guangzhou-Shenzhen
28%
Höchster Berg Denali
27%
Drittlängster Fluss Dnjepr
27%
Tiefster Punkt Kaspische Senke
27%
Drittgrößte Stadt | Drittgrößter Ballungsraum Brisbane
24%
Viertgrößte Stadt Jakarta
24%
Fünftgrößte Stadt Seoul
24%
Höchstgelegener See Titicacasee
24%
Drittgrößte Stadt | Viertgrößter Ballungsraum Bogotá
23%
Drittgrößter See Malawisee
23%
Drittlängster Fluss Mekong
23%
Drittgrößter See Michigansee
23%
Fünftgrößte Stadt Adelaide
22%
Größtes Korallenriff Great Barrier Reef
22%
Fünftgrößter Ballungsraum Houston
22%
Größter See Ladogasee
22%
Zweitgrößter See Huronsee
20%
Viertlängster Fluss Sambesi
20%
Größter See Kaspisches Meer
19%
Größter See Oberer See
19%
Viertgrößte Stadt Toronto
19%
Fünftgrößter Ballungsraum Dhaka
18%
Fünftgrößter Ballungsraum | Zweitgrößte Stadt Lima
18%
Viertgrößte Stadt | Viertgrößter Ballungsraum Luanda
18%
Tiefster Punkt Totes Meer
16%
Fünftgrößte Stadt Santiago de Chile
15%
Zweitgrößter See Tanganjikasee
15%
Höchster Berg Aconcagua
12%
Tiefster Punkt Death Valley
12%
Größter Wald Nördlicher Nadelwald
12%
Viertlängster Fluss Amur
11%
Fünftgrößter Ballungsraum Dar es Salaam
11%
Zweitgrößter See Onegasee
11%
Viertlängster Fluss Rio Grande
11%
Fünftgrößte Stadt Abidjan
8%
Zweithöchster Berg (außer Russland) Dufourspitze
8%
Zweithöchster Berg Mount Kenia
8%
Drittgrößter See Vänersee
8%
Höchster Wasserfall Salto Angel
7%
Drittlängster Fluss Yukon
7%
Zweitlängster Fluss Murray
5%
Zweitlängster Fluss Paraná
5%
Drittgrößter Ballungsraum Delhi
4%
Zweitlängster Fluss Mackenzie River
3%
Zweithöchster Berg Ojos de Salado
3%
Drittgrößter See Balchaschsee
1%
Längster Fluss Darling
1%
Viertlängster Fluss Kama
1%
Dritthöchster Berg Kangchenjunga
1%
Größter See Maracaibo-See
1%
Dritthöchster Berg Monte Pissis
1%
Zweithöchster Berg Mount Logan
1%
Salzhaltigster See Assalsee
0%
Dritthöchster Berg | Höchster Vulkan Citlaltépetl
0%
Höchster Vulkan Cotopaxi
0%
Größter See | Tiefster Punkt Eyresee
0%
Drittgrößter See Gairdnersee
0%
Höchster Vulkan Kamerunberg
0%
Höchster Vulkan Kljutschewskaja Sopka
0%
Viertlängster Fluss Lachlan
0%
Drittgrößter See Lagos dos Patos
0%
Längstes Höhlensystem Mammoth Cave
0%
Höchster Berg (außer Papua) Mount Cook
0%
Dritthöchster Berg (außer Papua) Mount Dampier
0%
Zweithöchster Berg (außer Papua) Mount Tasman
0%
Drittlängster Fluss Murrumbidgee
0%
Größte Höhle Optymistytschna Petschera
0%
Drittlängster Fluss Rio Juruá
0%
Viertlängster Fluss Rio Madeira
0%
Höchster Vulkan Ruapehu
0%
Dritthöchster Berg Ruwenzori
0%
Zweitgrößter See Torrenssee
0%
Zweitgrößter See Uyuni-See
0%
Keine übereinstimmenden Quizze gefunden
Verteilung der Resultate
Anzahl Personen mit jedem Resultat
Perzentil nach korrekt beantworteten Fragen
Ihre Resultats-Entwicklung
Sie haben dieses Quiz seit der letzten Aktualisierung nicht gespielt